| 000 | 00369nam a2200145Ia 4500 | ||
|---|---|---|---|
| 008 | 230711s9999||||xx |||||||||||||| ||und|| | ||
| 041 | _aENG | ||
| 082 |
_a518 _bRA-N |
||
| 100 | _aRalston Authony | ||
| 245 | 2 | _aA first course in numerical analysis | |
| 250 | _a1st | ||
| 260 |
_c1978 _aNew York _bTata McGraw Hill Education Limited |
||
| 650 | _aMathematics | ||
| 942 | _cBK | ||
| 999 |
_c540 _d540 |
||